Electricity

Bibliographic Details
Format: Book
Published: Oxford : Heinemann , 1991
Series:The way it works
Subjects:

MARC

LEADER 00000cam a2200000 7i4500
001 0000001273
002 000001402
005 20060209.0
020 |a 0431007497 
090 0 0 |a 030   |b WAY 
245 1 0 |a Electricity   |c Neil Ardley 
260 |a Oxford :   |b Heinemann ,   |c 1991 
300 |a 48 p. ;   |c 23 cm. 
490 0 |a The way it works 
650 0 0 |a Electricity   |x Juvenile literature 
999 |a 030997   |b BUKU   |c JUNIOR BOOKS   |e PERPUSTAKAAN KOMUNITI CAW KOTA DAMANSARA